000 00867nam0a22002651 4500
001 v19\rc\1835644
005 20250619141747.0
035 _a(NLR Aleph) 004930232
090 _a5671746
_c5671746
100 _a20071224d1908 |||y0rusy50 ca
101 1 _arus
_cjpn
102 _aRU
105 _aa z |||||
200 1 _aОтчего я так красива и молода?
_e(Откровение японки)
_fИоначивара Масакадо
_gПер. с яп. А. Фуджи
210 _aСанкт-Петербург
_cт-во "Ниппон"
_d[1908]
215 _a34 с.
_cил.
700 1 _aМасакадо
_bИ.
_gИоначивара
702 1 _aФуджи
_bА.
_4730
801 0 _aRU
_bNLR
_gpsbo
801 0 _aRU
_bRuMoRGB
_2psbo
801 1 _aRU
_bProSoft-M
_2rusmarc
852 _aNLR
_j34.85.6.624
899 _aБАН
942 _cBOOK
980 _aNB